| 000 | 01117nam0a22002771 4500 | ||
|---|---|---|---|
| 001 | rc\3190349 | ||
| 005 | 20250530100240.0 | ||
| 021 |
_aRU _b[75-64711] |
||
| 035 | _a(NLR Aleph) 007351057 | ||
| 090 |
_a6209361 _c6209361 |
||
| 100 | _a20120628d1975 |||y0rusy50 ca | ||
| 101 | 0 | _arus | |
| 102 | _aRU | ||
| 105 | _aa z ||||| | ||
| 200 | 1 |
_aО механизмах заряжения облачных капель в теплых облаках _e[Обзор] _fГл. упр. гидрометеорол. службы при Совете Министров СССР. Всесоюз. науч.-сислед. ин-т гдирометеорол. информации - Мировой центр данных |
|
| 210 |
_aОбнинск _cИнформ. центр _d1975 |
||
| 215 |
_a52 с. _cчерт. _d21 |
||
| 320 | _aСписок лит.: с. 45-51 (115 назв.) | ||
| 606 |
_aОблака _xЭлектризация _2psbo |
||
| 700 | 1 |
_aГирс _bС.П. |
|
| 701 | 1 |
_aДовгалюк _bЮ.А. |
|
| 801 | 0 |
_aRU _bNLR _gpsbo |
|
| 801 | 1 |
_aRU _bELAR _2rusmarc |
|
| 852 |
_aNLR _j75-6/4606 |
||
| 942 | _cBOOK | ||
| 980 | _aNB | ||